| 000 | 01553nam a2200349 a 4500 | ||
|---|---|---|---|
| 001 | ebr10575666 | ||
| 003 | CaPaEBR | ||
| 006 | m u | ||
| 007 | cr cn||||||||| | ||
| 008 | 111101s2012 maua sb 001 0 eng d | ||
| 010 | _z 2011040428 | ||
| 020 | _z9780470943083 | ||
| 020 | _z9781118287682 (e-book) | ||
| 040 |
_aCaPaEBR _cCaPaEBR |
||
| 035 | _a(OCoLC)798269329 | ||
| 050 | 1 | 4 |
_aTP155.2.E58 _bG742 2012eb |
| 082 | 0 | 4 |
_a577/.14 _223 |
| 245 | 0 | 0 |
_aGreen chemistry for environmental remediation _h[electronic resource] / _cedited by Rashmi Sanghi and Vandana Singh. |
| 260 |
_aSalem, Mass. : _bScrivener Pub. ; _aHoboken, N.J. : _bCo-published by John Wiley & Sons, _cc2012. |
||
| 300 |
_axxi, 776 p. : _bill. |
||
| 504 | _aIncludes bibliographical references and index. | ||
| 505 | 0 | _apt. 1. Green chemistry and societal sustainability -- pt. 2. Green lab technologies -- pt. 3. Green bio-energy sources -- pt. 4. Green solutions for remediation. | |
| 533 |
_aElectronic reproduction. _bPalo Alto, Calif. : _cebrary, _d2011. _nAvailable via World Wide Web. _nAccess may be limited to ebrary affiliated libraries. |
||
| 650 | 0 |
_aEnvironmental chemistry _xIndustrial applications. |
|
| 650 | 0 | _aSustainable development. | |
| 650 | 0 | _aEnvironmental protection. | |
| 655 | 7 |
_aElectronic books. _2local |
|
| 700 | 1 | _aSanghi, Rashmi. | |
| 700 | 1 |
_aSingh, Vandana, _d1961- |
|
| 710 | 2 | _aebrary, Inc. | |
| 856 | 4 | 0 |
_uhttp://site.ebrary.com/lib/rucke/Doc?id=10575666 _zAn electronic book accessible through the World Wide Web; click to view |
| 999 |
_c78276 _d78276 |
||